000 00292nam a22001337a 4500
008 170714b xxu||||| |||| 00| 0 eng d
020 _a9780872203785
041 _aeng
080 _a101
100 _a24
101 _aFIL
245 _aHELLENISTRIC PHILOSOPHY
_cINWOOD, B
942 _2udc
_cBK
999 _c20686
_d20686